header

Testing the national covenant (Record no. 129429)

MARC details
000 -LEADER
fixed length control field 01864nam a2200373 a 4500
082 04 - DEWEY DECIMAL CLASSIFICATION NUMBER
Classification number 306.20973
100 1# - MAIN ENTRY--AUTHOR NAME
Personal name May, William F.
245 10 - TITLE STATEMENT
Title Testing the national covenant
260 ## - PUBLICATION, DISTRIBUTION, ETC. (IMPRINT)
Place of publication Washington, D.C. :
Name of publisher Georgetown University Press,
Year of publication 2011.
300 ## - PHYSICAL DESCRIPTION
Number of Pages xvii, 174 p.
505 0# - FORMATTED CONTENTS NOTE
Formatted contents note Containing runaway fears in America foreign policy -- The overreach of free market ideology : business and government -- Free market ideology : bearing on other centers of power -- Curbing runaway appetites in domestic policy -- The national covenant : we the people -- The national covenant : forming a more perfect union -- Keeping covenant with immigrants and undocumented workers.
650 #0 - SUBJECT ADDED ENTRY--TOPICAL TERM
Topical Term Consensus (Social sciences)
Topical Term Public interest
Topical Term Common good.
Topical Term Political culture
856 40 - ELECTRONIC LOCATION AND ACCESS
Uniform Resource Identifier http://site.ebrary.com/lib/rucke/Doc?id=10497692

No items available.

© 2026 Rongo University
Contact us: librarian | system librarian | Rongo university